| 000 | 00651nam a2200145Ia 4500 | ||
|---|---|---|---|
| 008 | 170221s9999 xx 000 0 und d | ||
| 100 | _aEvgeny A. Tikhomirov | ||
| 245 | _aPublic-Private Partnership: The Model of Interaction of Regional Socio-Economic Systems in the Trans-Regional Space | ||
| 245 | _cEvgeny A. Tikhomirov, Maxsim A. Bykovskiy, Natalia Y. Veselova, Irina V. Mkrtumova, Ivan V. Malofeev, Sergey V. Ryazantsev, Artem S. Luk’yanets | ||
| 260 | _bInternational Review of Management and Marketing | ||
| 260 | _c2016 | ||
| 300 | _a6 : 1S | ||
| 650 | _xMarketing. | ||
| 856 | _uhttp://www.econjournals.com/index.php/irmm/issue/view/70 | ||
| 999 |
_c308427 _d308427 |
||